Tilastot visalle Kainuun kunnat

Klikkaa tästä pelataksesi tätä visaa!

Yleistilastot

  • Tätä visaa on pelattu 343 kertaa
  • Keskiarvotulos 6 / 8

Vastaustilastot

VäkilukuKunta/Kaupunki% Oikein
36 597Kajaani
97%
10 326Sotkamo
84%
8 148Kuhmo
77%
7 649Suomussalmi
75%
2 238Hyrynsalmi
73%
3 268Paltamo
69%
2 529Puolanka
67%
1 251Ristijärvi
66%

Tulosjakauma

Persentiili vastausten määrän mukaan

Jokaisen tuloksen saaneiden osuus

Tuloshistoriasi

Et ole pelannut tätä visaa